| 000 | 00766nam a22002177a 4500 | ||
|---|---|---|---|
| 005 | 20100812134133.0 | ||
| 010 | _aENG-99989 | ||
| 020 |
_a9788175053014 _c100.00 |
||
| 020 |
_a8175053011 _c100.00 |
||
| 035 | _aEN-83521 | ||
| 037 | _bDBAD/PUB | ||
| 082 | _a220.24 | ||
| 100 |
_aNikhilananda _911724 |
||
| 245 |
_aThe Upanishads : _bkatha, isa, kena, and mundaka / _cby Nikhilananda |
||
| 260 |
_aKolkata _bAdvaita Ashrama _c2008 |
||
| 270 |
_a5 Delhi Entally Road _bKolkata _e700014 |
||
| 300 |
_aV.1 (xii,319p.) _c22cm (Hb) |
||
| 650 |
_aUpanishads _911725 |
||
| 942 |
_2ddc _cEN _h220.24 _mNIK |
||
| 999 |
_c41334 _d41334 |
||